Cálculo: conceptos y contextos

Gespeichert in:
Bibliographische Detailangaben
1. Verfasser: Stewart, James (VerfasserIn)
Format: Buch
Sprache:Spanisch
Veröffentlicht: Ciudad de México International Thomson 2006
Ausgabe:3a. ed
Schlagworte:
Tags: Tag hinzufügen
Keine Tags, Fügen Sie den ersten Tag hinzu!

MARC

LEADER 00000cam a2200000 a 4500
001 UCI7874
003 CL-VaPUC
008 080725e20060000MX |||||||||||||||||spa|d
020 |a 9789706865434 
082 0 4 |a 515  |b STE  |2 21 
100 0 |a Stewart, James  |e author  |9 320 
245 1 0 |a Cálculo: conceptos y contextos 
250 |a 3a. ed 
300 |a 978 p 
942 |c BK 
945 |d 20080725 00:00:00  |a jtorresc 
260 |a Ciudad de México  |b International Thomson  |c 2006 
500 |a Incluye dos Cd-rom 
650 0 |a Cálculo vectorial   |9 408406 
650 0 |a Derivación   |9 373491 
650 0 |a Derivadas parciales   |9 419748 
650 0 |a Ecuaciones diferenciales  |9 260083 
650 0 |a Funciones vectoriales  |9 425619 
650 7 |a GEOMETRIA DEL ESPACIO  |2 CL-VaPUC  |9 265986 
650 0 |a Integración   |9 316470 
650 7 |a INTEGRALES MULTIPLOS  |2 CL-VaPUC  |9 531256 
650 7 |a SERIES FINITAS  |2 CL-VaPUC  |9 531257 
583 |a last modification  |c 20120730 02:05:14  |k Rodrigo Vera 
999 |c 331002  |d 331000 
952 |0 0  |1 0  |2 ddc  |4 0  |6 515_000000000000000_STE_2006  |7 0  |8 A  |9 417082  |a BIBING  |b BIBING  |c RES  |d 2019-11-22  |i 4467027  |l 10  |o 515 STE 2006  |p 4467027  |r 2025-01-20  |s 2024-06-06  |w 2019-11-22  |y BK  |k EIE 
952 |0 0  |1 0  |2 ddc  |4 0  |6 515_000000000000000_STE_2006  |7 0  |8 A  |9 417083  |a BIBING  |b BIBING  |c RES  |d 2019-11-22  |i 4467035  |l 5  |o 515 STE 2006  |p 4467035  |r 2025-01-20  |s 2024-01-31  |w 2019-11-22  |y BK  |k EIE 
952 |0 0  |1 0  |2 ddc  |4 0  |6 515_000000000000000_STE_2006  |7 0  |8 A  |9 417084  |a BIBING  |b BIBING  |c RES  |d 2019-11-22  |i 488695K  |l 4  |o 515 STE 2006  |p 488695K  |r 2025-01-20  |s 2023-11-21  |w 2019-11-22  |y BK  |k ING